अम्मा / (Record no. 115002)

MARC details
000 -LEADER
fixed length control field 00955nam a22002537a 4500
005 - DATE AND TIME OF LATEST TRANSACTION
control field 20170124103017.0
010 ## - LIBRARY OF CONGRESS CONTROL NUMBER
LC control number A-833081
020 ## - INTERNATIONAL STANDARD BOOK NUMBER
Terms of availability 150.00
International Standard Book Number 8185829608
035 ## - SYSTEM CONTROL NUMBER
System control number A-833081
037 ## - SOURCE OF ACQUISITION
Source of stock number/acquisition Cen Lib/Ret
040 ## - CATALOGING SOURCE
Original cataloging agency DPL
Language of cataloging HN
082 ## - DEWEY DECIMAL CLASSIFICATION NUMBER
Classification number
Item number मेहरु
100 ## - MAIN ENTRY--PERSONAL NAME
Personal name मेहरुन्निसा परवेज़
9 (RLIN) 9382
245 ## - TITLE STATEMENT
Title अम्मा /
Statement of responsibility, etc मेहरुन्निसा परवेज़
246 ## - VARYING FORM OF TITLE
Title proper/short title Amma /
Remainder of title by Mehrunnisa Parvez
260 ## - PUBLICATION, DISTRIBUTION, ETC. (IMPRINT)
Place of publication, distribution, etc दिल्ली
Name of publisher, distributor, etc ज्ञान गंगा
Date of publication, distribution, etc 1997
270 ## - ADDRESS
Address चावड़ी बाज़ार
City दिल्ली
Postal code 110006
300 ## - PHYSICAL DESCRIPTION
Extent 155पृ.
Dimensions 16सेमी (सजिल्द)
650 ## - SUBJECT ADDED ENTRY--TOPICAL TERM
Topical term or geographic name as entry element हिन्दी साहित्य
9 (RLIN) 59418
650 ## - SUBJECT ADDED ENTRY--TOPICAL TERM
Topical term or geographic name as entry element हिन्दी कहानियां
9 (RLIN) 59419
650 ## - SUBJECT ADDED ENTRY--TOPICAL TERM
Topical term or geographic name as entry element Hindi Literature
9 (RLIN) 59420
650 ## - SUBJECT ADDED ENTRY--TOPICAL TERM
Topical term or geographic name as entry element Hindi stories
9 (RLIN) 59421
942 ## - ADDED ENTRY ELEMENTS (KOHA)
Source of classification or shelving scheme Dewey Decimal Classification
Koha item type Hindi Books
Classification part
Call number suffix मेहरू
Holdings
Withdrawn status Lost status Damaged status Not for loan Home library Current library Date acquired Source of acquisition Cost, normal purchase price Total Checkouts Full call number Barcode Date last seen Copy number Cost, replacement price Price effective from Koha item type
        Central Library Central Library 19/08/2015 Cen Lib/Ret 150.00   क मेहरु A-833081 30/12/2024 1 150.00 19/08/2015 Hindi Books

© Delhi Public Library
Hit Counter
free hit counter